Villes les plus vertes de France - Statistiques

Statistiques générales
  • Ce quiz a été pris 37 fois
  • Le résultat moyen est 7 sur 10
Statistiques - réponses
Rang Progression Ville % Correct
3 NEW Strasbourg
91%
10 NEW Paris
86%
4 +1 Lyon
83%
6 -4 Nantes
83%
2 +5 Rennes
83%
5 -2 Metz
63%
1 = Angers
60%
8 NEW Reims
60%
7 +1 Caen
54%
9 -5 Amiens
46%
Aucun quiz correspondant
Distribution des résultats
% des personnes avec chaque résultat
Percentile par nombre de réponses
Votre historique - résultats
Vous n’avez pas pris ce quiz